MDQL
is popping MORE tags! Check the
thread
!
Quizzes
Events
Quiz Creation
Community
Videos
Private Events
Remove Ads
Sign In
Join for FREE
Feedback
Dark Mode
Quiz Categories
Sports
Geography
Music
Movies
Television
Just For Fun
Miscellaneous
History
Literature
Language
Science
Gaming
Entertainment
Religion
Holiday
For Kids
Quiz Lab
Recent
Popular Today
Quiz Kudos Today
Editor Picks
Curator Picks
Quizzes by...
Day
Popularity
Type
Ratings
Length
Year
Community
Subscriptions
Recent Discussions
Orange Saloon
Badges
Playlists
Quests
Create
Leaderboards
Showdown
Live 5
Trivia Bingo
Activity
Puzzle Library
Sporcle Events
Private Events
Virtual Trivia
Globe League
Become a Host
Pub Owners
SporcleCon
Opinionation
Our Games
Videos
Blog
Mobile Apps
Partnerships
Remove Ads and Go Orange
Feedback
Entertainment
Celebrity
Famous
Musical
Broadway
Show
Quote
Comic Books
Anime
Superhero
DC Comics
Marvel
Cartoons
Animation
Entertainment
Celebrity
Famous
Musical
Broadway
Show
Quote
Comic Books
Anime
Superhero
DC Comics
Marvel
Cartoons
Animation
Random Quiz
Search Sporcle
×
Quiz Lab
Quiz Lab
Entertainment
Marvel
Type in answers that appear in a list
Type in answers that appear in a list
Classic
Best Score? Go Orange.
Spider-Man villains by real name Stats
Can you name the Spider-Man villains by real name?
By
wallsofdericho
5m
35 Questions
915 Plays
915 Plays
915 Plays
Comments
Comments
Give Quiz Kudos
Give Quiz Kudos
-
- Ratings
hide this ad
Forced Order
Answers have to be entered in order
Answers have to be entered in order
Random Order
Randomize order of answers
Randomize order of answers
Replay
Link that replays current quiz
Next Quiz
Link to next quiz in quiz playlist
You Got
0%
They Got
Avg Score
53%
Avg Friend Score
Upgrade to see
Score Distribution
Jump to the score distribution portion of the page
Score
0/35
Timer
05:00
0
Plays Today
Real Name
Alter Ego
% Correct
Norman Osborn
Green Goblin
90.3%
Eddie Brock
Venom
88.4%
Otto Octavius
Dr. Octopus
86.6%
Curt Connors
Lizard
85.6%
Flint Marko
Sandman
83.2%
Wilson Fisk
Kingpin
81.5%
Cletus Kasady
Carnage
79%
Michael Morbius
Morbius
76.4%
Mac Gargan
Scorpion
75.4%
Harry Osborn
Green Goblin II
74.9%
Adrian Toomes
Vulture
74.3%
Maxwell Dillon
Electro
72.2%
Quentin Beck
Mysterio
72%
Sergei Kravinoff
Kraven the Hunter
71.4%
Herman Schulz
Shocker
60.5%
Aleksei Systevich
Rhino
59.6%
Dmitri Smerdyakov
Chameleon
54.8%
Roderick Kingsley
Hobgoblin
54.5%
Real Name
Alter Ego
% Correct
John Jameson
Man Wolf
53.9%
Miles Warren
Jackal
49.8%
Lonnie Thompson Lincoln
Tombstone
47.3%
Silvio Manfredi
Silvermane
43.4%
Morris Bench
Hydro-Man
42.4%
Phineas Mason
Tinkerer
41.3%
Jason Macendale
Jack-O-Lantern
39.8%
Mark Raxton
Molten Man
35.6%
Abner Jenkins
Beetle
33.8%
Thomas Fireheart
Puma
32.6%
Bart Hamilton
Green Goblin III
24.4%
Carlos LaMuerta
Black Tarantula
18.5%
Mendel Stromm
Robot Master
15.8%
Sandra Deel
Shriek
13.1%
Stanley Carter
Sin-Eater
13.1%
Arnold Donovan
Hobgoblin II
12.1%
Jackson Arvad
Will O' the Wisp
9.9%
Quiz Playlist
Details
Report
Send in Message
Add To Playlist
Classic:
Type in answers that appear in a list
Forced Order:
Answers have to be entered in order
Random Order:
Randomize order of answers
Last Updated: Feb 16, 2017
Quiz Scoreboard
CHALLENGE
Sign Up to Join the Scoreboard
Show All
Scores
Hide
Comments
May contain spoilers
Recently Published
Two Season TV Shows II
by 123Four
Television
10m
Image Sorting: Flags VI
by Barbecue
Geography
2m
Find the 'City' Movie
by crazypaving
Movies
60s
More to Explore
Quiz From the Vault
Featured Blog Post
14 Easter Pick-up Lines to Find Eggs With
hide this ad
You Might Also Like...
Tags
Marvel Quiz
Alter
ego
Marvel Characters
Spider-Man
Villains
Today's Top Quizzes in Entertainment
Browse Entertainment
hide this ad
Today's Top Quizzes in Marvel
Browse Marvel
Top Contributed Quizzes in Entertainment
1
Marvel Classic Character Map
2
Dragon Ball Z: Goku's Fights in Order
3
Movie-Themed Roller Coasters
4
Marvel Characters Bunker
5
Who stole Onew's chicken? (KPOP LOGIC QUIZ)
6
Sorting Pictures: Villains
7
JoJo's Bizarre Logic Quiz
8
Harry Styles-Are you no.1 fan
9
Celebrity Spelling Bee
10
This is Your Life: Edward Elric
Explore More
Trending Topics
Marvel
Kpop
Crossword
Disney
Anime
Harry Potter
NBA
The Office
Puzzle
Pokémon
Country
Soccer
Song
NFL
WWE
hide this ad
More By:
wallsofdericho
Quiz
Plays
Rating
Category
Featured
Created
'The Walking Dead' Episodes
22,094
4.04
Television
Dec 13, 2012
ECW Nicknames
4,015
4.33
Sports
May 28, 2010
Spider-Man villains by real name
915
3.50
Entertainment
Jan 7, 2010
Darkwing Duck Villains
608
4.50
Miscellaneous
Oct 26, 2010
Hardcore Hall of Fame Members
73
4.00
Sports
Mar 8, 2011
Go to Creator's Profile
Score Distribution
Quiz Creator Spotlight
wallsofdericho
Follow
Send a Message
Quizzes Created
-
Created Quiz Play Count
-
More By This Creator
Popular Quizzes Today
1
Find the US States - No Outlines Minefield
2
Colored Red Africa Blitz
3
Find the 'City' Movie
4
5x2 Blitz: Bands
5
The Countries of the World
6
Find the Countries of Europe - No Outlines Minefield
7
Find the US States
8
US States
More Entertainment Quizzes
Movies Turning Into Songs
Published
Trending Quizzes
Colored Red Europe Blitz I
Colored Red Africa Blitz II
Colored Red Europe Blitz II
Colored Red Africa Blitz III
Colored Red Europe Blitz III
Recently Updated
How Do You Spell That?
pecheneg
Godzilla Movies
pecheneg
Grab Bag: 4-10 Letters
pecheneg
2024 March Madness Bracket
pecheneg
Famous TV Couples
Peacemaker
Champions League XIs: Real Madrid
pecheneg
Largest US Cities 1790-2010
pecheneg
Rides in Walt Disney World
pecheneg
Most Oscar Losses (Acting)
pecheneg
Beyoncé Albums
pecheneg
Trending Topics
Kpop
Anime
Crossword
Disney
NBA
Harry Potter
Marvel
Country
The Office
NFL
WWE
Pokémon
Song
Puzzle
Soccer
Your Account Isn't Verified!
In order to create a playlist on Sporcle, you need to verify the email address you used during registration. Go to your
Sporcle Settings
to finish the process.
Report this User
Report this user for behavior that violates our
Community Guidelines
.
Details:
Send Report
Go to the Sporcle.com Mobile Site →
Comments